|
|
|
|
| LEADER |
00979nam a2200205 u 4500 |
| 001 |
10079009 |
| 003 |
GR-PaULI |
| 005 |
20240215115543.0 |
| 008 |
090915q2013 gr a f gre |
| 040 |
|
|
|a GR-PaULI
|c GR-PaULI
|b gre
|e AACR2
|
| 082 |
0 |
4 |
|a 700
|2 23
|
| 245 |
0 |
0 |
|a Techno horos art gallery :
|b art Athina 2013 /
|c Κώστας Βαρώτσος ... [και ά.].
|
| 260 |
|
|
|a [Χ.τ.] :
|b [χ.ό.],
|c [2013?].
|
| 300 |
|
|
|a 15 σ. :
|b εικ. ;
|c 24 εκ.
|
| 700 |
1 |
|
|9 90038
|a Βαρώτσος, Κώστας,
|d 1955-
|e καλλιτέχνης.
|
| 942 |
|
|
|2 ddc
|c BK
|
| 952 |
|
|
|0 0
|1 0
|2 ddc
|4 0
|6 700_000000000000000_TEC
|7 0
|9 369613
|a LISP
|b LISP
|c DON
|d 2023-03-08
|e ΠΑΤ
|i 256162
|l 0
|o 700 TEC
|p 025000291523
|r 2023-03-08 00:00:00
|t 1
|v 2023.00
|w 2023-03-08
|y BKN
|
| 952 |
|
|
|0 0
|1 0
|2 ddc
|4 0
|6 700_000000000000000_TEC
|7 0
|9 369614
|a LISP
|b LISP
|c DON
|d 2023-03-08
|e ΠΑΤ
|i 252741
|l 0
|o 700 TEC
|p 025000291522
|r 2023-03-08 00:00:00
|t 2
|v 2023.00
|w 2023-03-08
|y BKN
|
| 998 |
|
|
|c ΜΠΟΥΡΑΣ
|d 2023-03
|
| 999 |
|
|
|c 215944
|d 215944
|